| 000 | 01024nam a2200289 i 4500 | ||
|---|---|---|---|
| 001 | 134873 | ||
| 003 | ES-MaACL | ||
| 005 | 20250901105432.0 | ||
| 007 | t| | ||
| 008 | 070629s1972 sp ||||1| spa d | ||
| 080 | _a382 | ||
| 080 | _a338(100) | ||
| 100 | 1 |
_aThomas, Richard Samuel. _9110045 |
|
| 245 | 1 | 0 |
_aGeografía del comercio internacional / _cRichard S. Thomas, Edgar C. Conklin ; traducción de Antonio Casahuga ; prólogo de J. Vilá Valenti. |
| 250 | _a[1ª ed.]. | ||
| 260 |
_a[Barcelona] : _bVicens-Vives, _c[1972] |
||
| 300 |
_aVII, 250 p. ; _c21 cm. |
||
| 490 | 1 | _aBiblioteca básica de geografía económica | |
| 650 | 1 | 7 |
_aComercio exterior _2embne _911168 |
| 650 | 1 | 7 |
_aGeografía comercial _2embne _913075 |
| 700 | 1 |
_aConkling, Edgar Clark. _940194 |
|
| 700 | 1 |
_aCasahuga Vinardell, Antonio. _936034 |
|
| 700 | 1 |
_aVilá Valentí, Juan. _9114743 |
|
| 830 | 0 |
_aBiblioteca básica de geografía económica _9186987 |
|
| 852 |
_aES-MaACL _jC-56297 _bR.89165 |
||
| 999 |
_c134873 _d134873 |
||